A-Z BoJack Horseman - Statistics

General Stats
  • This quiz has been taken 374 times
  • The average score is 13 of 26
Answer Stats
Letter Hint Answer % Correct
C Surname of Bojack's friend and room mate Todd. Chavez
96%
D The surprise opponent on Mr. Peanutbutter's game show. Daniel Radcliffe
90%
H Bojack's step-sister's first name. Hollyhock
88%
P She is BoJack Horseman's ex-girlfriend and former agent and manager. Princess Carolyn
82%
S Film based on the life of a famous racehorse Bojack stars in. Secretariat
81%
Z You're either a Zoe or a... Zelda
80%
K Surname of the creator of Horsin' Around. Kazzaz
79%
B A broiler chicken that escaped and whom Todd Chavez tried to rescue. Becca
68%
Y First name of Todd's asexual ex-girlfriend. Yolanda
61%
A The voice actress behind Diane Nguyen. Alison Brie
55%
N American Navy SEAL embroiled in an argument with BoJack. Neal McBeal
54%
J Producer and writer of the show Hollywoo Stars and Celebrities... J D Salinger
53%
X Bojack says he feels like a... Xerox of a xerox
53%
F He is the eccentric and pretentious creator of the series Philbert. Flip McVicker
42%
E Restaurant owned by Mr Peanutbutter (formerly known as Elefante) Elefino
40%
U Where Princess Carolyn graduated. UCLA
40%
Q He the director of Eva Braun and Mr. Peanutbutter's Hollywoo Heist. Quentin Tarantulino
39%
G She starred alongside BoJack in Philbert. Gina Cazador
38%
M The Loose Cannon (by his colleagues). Meow Meow Fuzzyface
35%
W Hollyhock attends this university and Bojack was a professor there. Wesleyan
33%
I Daughter of Kelsey Jannings. Irving
26%
L He is a big-shot Hollywoo producer and a colleague of Princess Carolyn's. Lenny Turteltaub
22%
T The loyal best friend of Hollyhock. Tawnie
13%
O Mr. Peanutbutter talks to him about potential TV show ideas. Oxnard
9%
V A theatre owner who nearly buys the rights to Todd's rock opera. Virgil Van Cleef
6%
R Used by BoJack and Kelsey as the set of a scene in Secretariat. Richard Nixon Presidential Library
2%
No matching quizzes found
Score Distribution
Percent of People with Each Score
Percentile by Number Answered
Your Score History
You have not taken this quiz